Computer networking with internet protocols and technology / (Record no. 186112)

MARC details
000 -LEADER
fixed length control field 00704nam a2200217Ia 4500
005 - DATE AND TIME OF LATEST TRANSACTION
control field 20230214101209.0
008 - FIXED-LENGTH DATA ELEMENTS--GENERAL INFORMATION
fixed length control field 210716s2004 xx 000 0 und d
020 ## - INTERNATIONAL STANDARD BOOK NUMBER
International Standard Book Number 8129702924
040 ## - CATALOGING SOURCE
Transcribing agency AIMIT LIBRARY
041 ## - LANGUAGE CODE
Language code of text/sound track or separate title eng
082 ## - DEWEY DECIMAL CLASSIFICATION NUMBER
Classification number 004.65
Edition number 1
Item number STAW
100 ## - MAIN ENTRY--PERSONAL NAME
Personal name Stallings, William.
9 (RLIN) 72183
245 ## - TITLE STATEMENT
Title Computer networking with internet protocols and technology /
Statement of responsibility, etc. By William Stallings
250 ## - EDITION STATEMENT
Edition statement 1st ed.
260 ## - PUBLICATION, DISTRIBUTION, ETC.
Place of publication, distribution, etc. New Delhi :
Name of publisher, distributor, etc. Pearson Education ,
Date of publication, distribution, etc. 2004.
300 ## - PHYSICAL DESCRIPTION
Extent xiv,642p. ;
Dimensions 24 cm.
650 ## - SUBJECT ADDED ENTRY--TOPICAL TERM
Topical term or geographic name entry element Data networks and the unternet
9 (RLIN) 72184
650 ## - SUBJECT ADDED ENTRY--TOPICAL TERM
Topical term or geographic name entry element Quality of service in ip networks
9 (RLIN) 72185
650 ## - SUBJECT ADDED ENTRY--TOPICAL TERM
Topical term or geographic name entry element Network and link layers
9 (RLIN) 72186
942 ## - ADDED ENTRY ELEMENTS (KOHA)
Source of classification or shelving scheme Dewey Decimal Classification
Koha item type Book
Edition 1
Call number prefix 004.65 STAW
Holdings
Withdrawn status Lost status Source of classification or shelving scheme Damaged status Not for loan Collection code Home library Current library Source of acquisition Cost, normal purchase price Total Checkouts Full call number Barcode Date last seen Cost, replacement price Price effective from Koha item type Inventory number
    Dewey Decimal Classification   Reference Book MCA St Aloysius Institute of Management & Information Technology St Aloysius Institute of Management & Information Technology Premier Bookshop 295.00   004.65 STAW MCA05522 07/21/2025 250.75 07/16/2021 Book  
    Dewey Decimal Classification     MCA St Aloysius Institute of Management & Information Technology St Aloysius Institute of Management & Information Technology Intel Book Distributors 295.00   004.65 STAW MCA05620 07/21/2025 250.75 07/16/2021 Book Bill no:8680; Bill dt:2004-02-02
    Dewey Decimal Classification     MCA St Aloysius Institute of Management & Information Technology St Aloysius Institute of Management & Information Technology Book World 295.00   004.65 STAW MCA05684 07/21/2025 250.75 07/16/2021 Book Bill no:2728; Bill dt:2004-02-26